000 00583nam a2200229 a 4500
003 AR-BaBNM
005 20251128202935.0
008 082120s2002 ||||||||||||||000 | spa||
040 _cAR-BaBNM
100 1 _aClarke de Armando, Rosa
245 0 0 _aAn english cours for adults
_bbook. 4
260 _a[S.l.]
_bs.n.]
_c[ca. 1964]
300 _a148 p.
500 _aCarece de datos de edición
650 4 _aENSEÑANZA DE IDIOMAS
650 4 _aINGLES
650 4 _aACTIVIDADES DE APRENDIZAJE
650 4 _aGRAMATICA
650 4 _aVOCABULARIO
942 _cBK
998 _cCarmen
999 _c1224
_d1224